Регионална библиотека "Любен Каравелов" - Русе

Пълководецът Кутузов (Запис номер 157665)

MARC детайли
000 -Лидер
Контролно поле с фиксирана дължина 01649nam a2200361 c 4500
003 - Код на организацията, давaща контролен номер
Контролно поле BLK
005 - Дата и час на последна редакция
Контролно поле 20240412092126.0
008 - Елементи от данни с фиксирана дължина
fixed length control field 180410b bul|||||r ||||||| ||bul||
010 ## - Наследен системен номер
LC control number KNG00164614000
040 ## - Източник на каталожния запис
Идентификатор на билиотеката - собственик на записа BLK
041 ## - Код за език
Код за езика на текст/звукозапис или на отделно заглавие Български
Код за езика КДБФ Български
080 ## - УДК
Текстов определител УДК Военна история - Военни походи, битки, героични подвизи. Вж и 93/99
УДК код - определител по УДК 355.48
УДК определител (47+57)(092)
УДК - код + определител 355.48(47+57)(092)
080 ## - УДК
УДК код - определител по УДК 929 Кутузов, Михаил Иларионович
УДК - код + определител 929 Кутузов, Михаил Иларионович
100 1# - Редна дума - Автор
Автор Брагин, Михаил Григориевич
Авторска отговорност първи автор
R(LIN) 329494
139 ## - Редно поле
Редна дума Брагин, Михаил Григориевич
Авторски знак Куп - К 94
245 10 - Сведения за заглавието
Заглавие Пълководецът Кутузов
Редно поле (дума) Михаил Григориевич Брагин; прев. от рус. Н. Разлогов.
257 ## - Страна на издаване
Страна на създаване/издаване СССР
260 ## - Област на издателските данни
Име на издателя, разпространителя и проч. БРП (к.)
Година на издаване 1946
300 ## - Физическа характеристика
Страници 232 с.
Размери/Мащаб 22 см
380 ## - Жанр
Жанр Обществени науки
500 ## - Общи забележки
Забележка 10 000 тир.
600 #0 - Име на лице, използвано като предмет
За него / За нея Кутузов, Михаил Иларионович
Свързани дати 1745 - 1813
Друга информация Руски генерал-фелдмаршал
Пълна форма на името Голенишчев-Кутузов, Михаил Иларионович
9 (RLIN) 315099
650 #4 - Допълнително описание по предмет – тема
Основно описание – тема или топоним Кутузов, Михаил Иларионович
9 (RLIN) 315099
700 1# - Други автори (авторска отговорност)
Лично име Разлогов, Н.
Автороска отговорност (Описва отношението между автора и произведението) прев. от рус.
9 (RLIN) 333831
852 ## - Местоположение
Форматна сигнатура Цб І 605
852 ## - Местоположение
Форматна сигнатура Цб 9.180.24245
Фондова буква Хранилище
856 4# - Електронен адрес и достъп
Електронен формат pdf - файл
856 4# - Електронен адрес и достъп
Електронен формат pdf - файл
999 ## - СИСТЕМНИ КОНТРОЛНИ НОМЕРА
Koha biblionumber 157665
Koha biblioitemnumber 157665
942 ## - АРТИКУЛИ
Вид на библиотечния материал Книги
Скрит в OPAC Не
Периодичен библиозапис Да
944 ## - СЪЗДАВАНЕ И РЕДАКЦИЯ на ЗАПИСА
Създаване/Редакция Създаване
Дата на регистрацията/редакция 02.09.2014
Статус, дата на статуса Геновева Генчева
Служител, извършил регистрацията/редакцията 30560
944 ## - СЪЗДАВАНЕ И РЕДАКЦИЯ на ЗАПИСА
Създаване/Редакция Редакция
Дата на регистрацията/редакция 02.09.2014
Статус, дата на статуса 02.09.2014 - от С1,Р / 02.09.2014
999 ## - СИСТЕМНИ КОНТРОЛНИ НОМЕРА
Koha biblioitemnumber 157665
Наличности
Код за отписване Код за изгубен артикул Източник на класификационната схема Код за повреда Коз за рестрикции Код за отдаване Артикулен № Име на библиотеката - собственик Име на библиотеката, в която се намира в момента Статус (Текущо местоположение) Дата на вписване в системата Местоположение - отдел Цена в лева Инвентарен номер Систематично азбучна сигнатура Баркод Номер на екземпляра Цена в евро Служебна бележка Служебен тип на артикула
  Не е изгубен Universal Decimal Classification Не е повреден без рестрикции ползва се в читалня 264059 Регионална библиотека "Любен Каравелов" Русе Регионална библиотека "Любен Каравелов" Русе Хранилище 1946-01-01 Хранилище 0.00 526470 Цб І 605 900000022296 1 0.00 N: стар фонд Дата: 01.01.1946 Книги
Изтеглен Не е изгубен   Не е повреден без рестрикции заемане за дома 264060 Регионална библиотека "Любен Каравелов" Русе Регионална библиотека "Любен Каравелов" Русе Заемна - подръчен фонд 1946-01-01 Заемна - подръчен фонд 0.00 19429-д П 355.48/Б 75 19429-д 2 0.00 N: стар фонд Дата: 01.01.1946 Книги
  Не е изгубен Universal Decimal Classification Не е повреден без рестрикции ползва се в читалня 264061 Регионална библиотека "Любен Каравелов" Русе Регионална библиотека "Любен Каравелов" Русе Хранилище 1946-01-01 Основен фонд - ползва се само за читалня 0.22 24245 Цб 9.180.24245 900000022297 3 0.11 N: стар фонд Дата: 01.01.1946 Книги
Vip Innovations Ltd, Rousse, Bulgaria 2025